Une lettre, une série - Statistiques

Statistiques générales
  • Ce quiz a été pris 67 fois
  • Le résultat moyen est 8 sur 25
Statistiques - réponses
Hint Réponse % Correct
B Blood and water / Breaking Bad / Boo, Bitch / Black Mirror / Black bird / Buffy contre les vampire / Big Bang théorie / Brooklyn 99
73%
L La chronique des bridgerton / L'été ou je suis devenu jolie / Lucifer / Les frères Scott / Lupin / Lost / La casa de papel
71%
G Gossip Girl / Gilmore Girls / Ginny et Georgia / Glee / Game of throne / Grey's anatomy / Good doctor
69%
S Stranger things / Shameless / Sex education / Sherlock / Squid Game / Suits / Smallville / Supernatural
63%
P Prison Break / Pretty little liars / Peaky Blinders
49%
T The Bear / The vampire diaries / Teen wolf / The summer I turned Pretty / The walking dead / The Good place / Trinkets / The Office
46%
F Friends / Flash / Family Buisness
44%
D Desperate Housewives / Degrassi / Dynastie / Dexter / Doctor Who / Dark / Daredevil
39%
M Maxton hall / Mes première fois / Modern Family / Malcolm / Mercredi / Mentalist / Modern Family
39%
O Olympo / Outer banks / One day / Orange is the new Black / One tree Hill / Only murders in the building
37%
E Emily in Paris / Elite / Euphoria / Empire
36%
V Virgin River / Vikings / Valeria / Veronica mars / Vampire
36%
C Chernobyl / Charmed / Castle / Clem
34%
N Nobody wants this / Never I have ever / New girl / Narcos / NCIS / Neverland / Nashville
32%
Y You / Young royal / Young Sheldon
32%
X Xo, Kitty / X-files
29%
R Riverdale / Rick et Morty / Revenge / Reign
22%
A Anne with an E / Atypical / American Horror Story / Alice in Boderland
19%
H Heartstopper / How I met your mother / House of cards / House of Dragon
14%
I Insatiable / I feel bad / ICarly
14%
J Jane the virgin / Josephine ange gardien / Julie and the phantoms
14%
U Umbrella Academy / Utopia / Un do tres / Ugly Betty
14%
Q Qui ment ? / Quantico / Qui a tué Sara / Queens Gambit
12%
W Westworld / Wandavision / Wenesday
7%
K Kitz / Kamelott / Karadashian / Kingdom of Heaven
2%
Aucun quiz correspondant
Distribution des résultats
% des personnes avec chaque résultat
Percentile par nombre de réponses
Votre historique - résultats
Vous n’avez pas pris ce quiz